• 首页
  • 本馆介绍
  • 公告通知
  • 最新文献
  • 馆藏检索
  • 电子资源
  • 读者导购
  • 参考咨询
  • 我的图书馆
  • 登录
  • 详细信息显示
  • 放入我的书架
  • 预约/预借图书
  • 作者相关作品
  • 分类相关作品
  • 丛书相关作品
  • 出版社相关作品

书目信息

  • 表格格式
  • 工作单格式
  • 卡片格式
题名:
城镇地形图测绘与施工测量
    
 
作者: 张万方 主编 ;张伟富 , 郭拴群 , 张月华 编写
分册:  
出版信息: 北京   中国建筑工业出版社  2006
页数: 251页
开本: 26cm
丛书名:
单 册:
中图分类: P217
科图分类:
主题词: 城镇--地形测量 , 城镇--施工测量 , 城镇 , 地形测量 , 施工测量
电子资源:
ISBN: 7-112-07941-1
000 01023nam0 2200313 450
001 003057837
005 20091208152950.10
010    @a7-112-07941-1@dCNY30.00
100    @a20060111d2006 em y0chiy0110 ea
101 0  @achi
102    @aCN@b110000
105    @aa z 000yy
106    @ar
200 1  @a城镇地形图测绘与施工测量@9cheng zhen di xing tu ce hui yu shi gong ce liang@f张万方主编@g张伟富,郭拴群,张月华编写
210    @a北京@c中国建筑工业出版社@d2006
215    @a251页@c图@d26cm
330    @a本书共分14章,内容包括测量学概述、测量学基本知识、水准仪及高程测量、经纬仪及角度测量、距离测量、地形图绘制等。
606 0  @a城镇@x地形测量
606 0  @a城镇@x施工测量
606 0  @a城镇
606 0  @a地形测量
606 0  @a施工测量
690    @aP217@v4
701  0 @a张万方@9zhang wan fang@4主编
702  0 @a张伟富@9zhang wei fu@4编写
702  0 @a郭拴群@9guo shuan qun@4编写
702  0 @a张月华@9zhang yue hua@c(测量学)@4编写
801  0 @aCN@bNLC@c20091208
905    @b20796309-13@dP217@e183@f5
    
    城镇地形图测绘与施工测量/张万方主编/张伟富,郭拴群,张月华编写.-北京:中国建筑工业出版社,2006
    251页:图;26cm
    
    
    ISBN 7-112-07941-1:CNY30.00
    本书共分14章,内容包括测量学概述、测量学基本知识、水准仪及高程测量、经纬仪及角度测量、距离测量、地形图绘制等。
●
相关链接 在E读中查询图书 在五车中查询图书 在当当中查询图书 在豆瓣中查询图书


正题名:城镇地形图测绘与施工测量     索取号:P217/183         预约/预借

序号 登录号 条形码 馆藏地/架位号 状态 备注
1 796309   207963097   第二样本阅览室/ [索取号:P217/183] 在馆    
2 796310   207963104   第三借阅区/ [索取号:P217/183] 在馆    
3 796311   207963113   第三借阅区/ [索取号:P217/183] 在馆    
4 796312   207963122   第三借阅区/ [索取号:P217/183] 在馆    
5 796313   207963131   资源管理系资料室/ [索取号:P217/183] 在馆    
唐山师范学院图书馆 欢迎您!
大连网信软件有限公司© 版权所有